000 00309nam a2200121Ia 4500
005 20251222144822.0
008 251222s9999||||xx |||||||||||||| ||spa||
082 _a269.2/D22
100 _aDammert Bellido, José
245 0 _aQuinientos Años:
264 _bCentro de Estudios y Publicaciones
942 _cLIB
999 _c20538
_d20538